Reformas y otros excesos / (Record no. 163358)

MARC details
000 -LEADER
campo de control de longitud fija 01009nam a2200241 i 4500
001 - NÚMERO DE CONTROL
campo de control 163358
003 - IDENTIFICADOR DE NÚMERO DE CONTROL
campo de control ES-MaACL
005 - FECHA Y HORA DE LA ÚLTIMA TRANSACCIÓN
campo de control 20230906212726.0
008 - DATOS DE LONGITUD FIJA--INFORMACIÓN GENERAL
campo de control de longitud fija 010727s1890 sp |||| | spa d
040 ## - FUENTE DE CATALOGACIÓN
Centro catalogador/agencia de origen CCPB | B
Lengua de catalogación spa
Centro/agencia transcriptor CCPB | B
080 ## - NÚMERO DE LA CLASIFICACIÓN DECIMAL UNIVERSAL
Número de la Clasificación Decimal Universal 94(599)"1896/98"
100 1# - ENTRADA PRINCIPAL--NOMBRE DE PERSONA
Nombre de persona Retana, W. E.
9 (RLIN) 143306
245 10 - MENCIÓN DEL TÍTULO
Título Reformas y otros excesos /
Mención de responsabilidad, etc. por Wenceslao E. Retana (Desengaños).
260 ## - PUBLICACIÓN, DISTRIBUCIÓN, ETC.
Lugar de publicación, distribución, etc. Madrid :
Nombre del editor, distribuidor, etc. Librería de Fernando Fé,
Fecha de publicación, distribución, etc. 1890.
300 ## - DESCRIPCIÓN FÍSICA
Extensión 95 p. ;
Dimensiones 18 cm.
490 1# - MENCIÓN DE SERIE
Mención de serie Folletos filipinos ;
Designación de volumen o secuencia 4
530 ## - NOTA DISPONIBLE DE FORMULARIO FÍSICO ADICIONAL
Nota de formato físico adicional disponible Disponible en formato digital.
651 #4 - PUNTO DE ACCESO ADICIONAL DE MATERIA--NOMBRE GEOGRÁFICO
Nombre geográfico Filipinas-
Subdivisión general Historia-
Subdivisión cronológica 1896-1898, Insurrección.
9 (RLIN) 155351
830 0# - PUNTO DE ACCESO ADICIONAL DE SERIE-TÍTULO UNIFORME
Título uniforme Folletos filipinos ;
Designación de volumen o secuencia 4
9 (RLIN) 188430
852 ## - LOCALIZACIÓN
Ubicación ES-MaACL
Número de control de estantería T-594-F-1
Nota libre -- Enc. hol., falto de la cub. original
-- -- Dedicatoria del autor al Ateneo
-- -- Enc. en un vol. facticio
856 ## - LOCALIZACIÓN Y ACCESO ELECTRÓNICOS
Identificador Uniforme de Recursos <a href="http://bibliotecadigitalhispanica.bne.es:80/webclient/DeliveryManager?pid=1866610&custom_att_2=simple_viewer">http://bibliotecadigitalhispanica.bne.es:80/webclient/DeliveryManager?pid=1866610&custom_att_2=simple_viewer</a>
Nota pública Biblioteca Digital Hispánica
Holdings
Estatus retirado Estado de pérdida Estado de daño No para préstamo Colección Biblioteca de origen Biblioteca actual Ubicación en estantería Fecha de adquisición Total de préstamos Signatura topográfica completa Código de barras Visto por última vez Precio de reemplazo Tipo de ítem Koha
        Colección de folletos Biblioteca del Ateneo de Madrid Biblioteca del Ateneo de Madrid Depósito folletos 17/01/2008   T-594-F-1 1171184 23/02/2023 23/02/2023 Folleto